[Event "BL2 Sued 1415 (Women)"]
[Site "Germany"]
[Date "2015.03.29"]
[Round "7.6"]
[White "Wodzinski, Kristin"]
[Black "Krasnopeyeva, Julia"]
[Result "0-1"]
[WhiteElo "1611"]
[BlackElo "1877"]
[PlyCount "72"]
[EventDate "2014.09.27"]
[EventType "team-tourn"]
[EventRounds "7"]
[EventCountry "GER"]
[SourceTitle "CBM 166 Extra"]
[Source "ChessBase"]
[SourceDate "2015.06.18"]
[SourceVersion "1"]
[SourceVersionDate "2015.06.18"]
[SourceQuality "1"]
[WhiteTeam "Karlsruhe (W)"]
[BlackTeam "Mainz Schott (W)"]
[WhiteTeamCountry "GER"]
[BlackTeamCountry "GER"]

1. d4 Nf6 2. Nf3 g6 3. c4 Bg7 4. Nc3 0-0 5. e4 d6 6. Bg5 c5 7. d5 h6 8. Bh4 g5 9. Bg3 Na6 10. a3 Nh7 11. Qd2 Qa5 12. Rc1 f5 13. exf5 Bxf5 14. Bd3 Qd8 15. 0-0 Qd7 16. Rfe1 Rf7 17. Re2 Nf8 18. Rce1 Ng6 19. h4 g4 20. h5 gxf3 21. hxg6 Bxg6 22. Bxg6 fxe2 23. Bxf7+ Kxf7 24. Qf4+ Kg8 25. Rxe2 Nc7 26. Bh4 e5 27. dxe6 Nxe6 28. Qg4 Nf8 29. Qg3 Re8 30. Rxe8 Qxe8 31. Qxd6 Qe1+ 32. Kh2 Be5+ 33. Bg3 Bxd6 34. Bxd6 Qxf2 35. Na4 Qh4+ 36. Kg1 Qd4+ 0-1

[Event "GER-chT Federal Cup (Women)"]
[Site "Braunfels"]
[Date "2013.06.01"]
[Round "4.8"]
[White "Niedermaier, Barbara"]
[Black "Wodzinski, Kristin"]
[Result "1/2-1/2"]
[WhiteElo "1960"]
[BlackElo "1643"]
[PlyCount "57"]
[EventDate "2013.05.30"]
[EventType "team-swiss"]
[EventRounds "5"]
[EventCountry "GER"]
[SourceTitle "EXT 2014"]
[Source "ChessBase"]
[SourceDate "2013.11.20"]
[SourceVersion "1"]
[SourceVersionDate "2013.11.20"]
[SourceQuality "1"]
[WhiteTeam "Bayern (W)"]
[BlackTeam "Baden (W)"]
[WhiteTeamCountry "GER"]
[BlackTeamCountry "GER"]

1. e4 c5 2. Nf3 d6 3. d4 cxd4 4. c3 dxc3 5. Nxc3 Nf6 6. Bc4 e6 7. 0-0 Be7 8. Qe2 0-0 9. Rd1 a6 10. Bf4 b5 11. Bb3 Qb6 12. Be3 Qb7 13. Bg5 Rd8 14. Rac1 Nc6 15. e5 dxe5 16. Nxe5 Nxe5 17. Qxe5 Bd7 18. Nd5 exd5 19. Qxe7 Re8 20. Qd6 Re6 21. Qg3 Bc6 22. Qd3 Rd8 23. Bc2 g6 24. Qd4 Rdd6 25. Bf4 Rd8 26. Bg5 Rdd6 27. Bf4 Rd8 28. Bg5 Rdd6 29. Bf4 1/2-1/2

[Event "GER-ch U25 op-A"]
[Site "Oberhof"]
[Date "2013.05.21"]
[Round "5"]
[White "Arns, Alexander"]
[Black "Wodzinski, Kristin"]
[Result "1-0"]
[WhiteElo "1685"]
[BlackElo "1643"]
[PlyCount "97"]
[EventDate "2013.05.19"]
[EventType "swiss"]
[EventRounds "9"]
[EventCountry "GER"]
[SourceTitle "CBM 154 Extra"]
[Source "ChessBase"]
[SourceDate "2013.06.25"]
[SourceVersion "2"]
[SourceVersionDate "2013.06.25"]
[SourceQuality "1"]

1. e4 c5 2. Nf3 d6 3. d4 cxd4 4. Nxd4 Nf6 5. Nc3 a6 6. Bc4 e6 7. 0-0 Be7 8. f3 0-0 9. Be3 b5 10. Bb3 Qd7 11. Qd2 Bb7 12. Rfd1 Rd8 13. a4 b4 14. Na2 a5 15. c3 d5 16. e5 bxc3 17. Nxc3 Ne8 18. Ncb5 Bb4 19. Qd3 Na6 20. Bc2 g6 21. Nb3 Rdc8 22. Na7 Rc4 23. Nd2 Bxd2 24. Qxd2 Qc7 25. Bd3 Rb4 26. Qc3 Kg7 27. Nb5 Qd7 28. Rdc1 Rc8 29. Qd2 Nac7 30. Bc5 Rh4 31. g3 Rh5 32. g4 Rxe5 33. Bd4 f6 34. Bxe5 fxe5 35. Qxa5 e4 36. Be2 d4 37. fxe4 Bxe4 38. Nxc7 Nxc7 39. Qe5+ Kg8 40. Qxe4 Rb8 41. Rc2 Qd6 42. Rc6 Qd7 43. Rac1 Rb7 44. b4 e5 45. Bc4+ Kf8 46. Rf1+ Ke8 47. Qxe5+ Kd8 48. Rf8+ Ne8 49. Rd6 1-0

[Event "GER-ch U25 op-A"]
[Site "Oberhof"]
[Date "2013.05.21"]
[Round "4"]
[White "Wodzinski, Kristin"]
[Black "Nitzsche, Pia"]
[Result "0-1"]
[WhiteElo "1643"]
[BlackElo "1662"]
[PlyCount "60"]
[EventDate "2013.05.19"]
[EventType "swiss"]
[EventRounds "9"]
[EventCountry "GER"]
[SourceTitle "CBM 154 Extra"]
[Source "ChessBase"]
[SourceDate "2013.06.25"]
[SourceVersion "2"]
[SourceVersionDate "2013.06.25"]
[SourceQuality "1"]

1. d4 Nf6 2. Nf3 g6 3. c4 Bg7 4. Nc3 0-0 5. e4 d6 6. h3 c5 7. d5 Na6 8. Be2 Bd7 9. Bg5 Nc7 10. g4 a6 11. Nd2 b5 12. h4 bxc4 13. Nxc4 Nb5 14. Bxf6 Bxf6 15. Qd2 Rb8 16. g5 Bg7 17. h5 Qc8 18. Bf3 Bg4 19. Ke2 Nd4+ 20. Kd3 Nxf3 21. Qf4 Ne5+ 22. Nxe5 Bxe5 23. Qd2 c4+ 24. Kc2 Bf3 25. Rh4 Qc5 26. Rg1 Rxb2+ 27. Kxb2 Rb8+ 28. Kc2 Bxc3 29. Qf4 Qxf2+ 30. Kxc3 Qb2+ 0-1

[Event "GER-ch U25 op-A"]
[Site "Oberhof"]
[Date "2012.05.30"]
[Round "6"]
[White "Mann, Jonas"]
[Black "Wodzinski, Kristin"]
[Result "1/2-1/2"]
[WhiteElo "1541"]
[BlackElo "1516"]
[PlyCount "69"]
[EventDate "2012.05.27"]
[EventType "swiss"]
[EventRounds "9"]
[EventCountry "GER"]
[SourceTitle "CBM 148 Extra"]
[Source "ChessBase"]
[SourceDate "2012.06.22"]
[SourceVersion "1"]
[SourceVersionDate "2012.06.22"]
[SourceQuality "1"]

1. Nc3 Nf6 2. e4 d6 3. Bc4 c5 4. f4 e6 5. Nf3 d5 6. Bb5+ Bd7 7. Bxd7+ Nbxd7 8. d3 Qc7 9. 0-0 Rd8 10. Re1 dxe4 11. Nxe4 Nxe4 12. Rxe4 Nf6 13. Re1 Bd6 14. f5 e5 15. Qe2 Nd7 16. Ng5 0-0 17. Ne4 Be7 18. Qg4 Nf6 19. Nxf6+ Bxf6 20. Bg5 Kh8 21. Re3 Rg8 22. Rh3 Bxg5 23. Qxg5 Rd6 24. Re1 Rf6 25. Re4 Qd6 26. Rhe3 Re8 27. c3 h6 28. Qg4 Qc7 29. Qf3 b5 30. g4 g6 31. Qg3 gxf5 32. Rxe5 Rxe5 33. Rxe5 Re6 34. Rxf5 Qe7 35. Kg2 1/2-1/2

[Event "Dortmund2"]
[Site "Dortmund"]
[Date "2006.05.24"]
[Round "8"]
[White "Kirmes, Hans Uwe"]
[Black "Wodzinski, Kristin"]
[Result "1/2-1/2"]
[WhiteElo "1174"]
[BlackElo "998"]
[PlyCount "44"]
[EventDate "2006.04.25"]
[EventType "tourn"]
[EventRounds "11"]
[EventCountry "GER"]
[SourceTitle "EXT 2007"]
[Source "ChessBase"]
[SourceDate "2006.11.23"]
[SourceVersion "1"]
[SourceVersionDate "2006.11.23"]
[SourceQuality "1"]

1. f4 Nf6 2. Nf3 d6 3. Nc3 e5 4. d3 Nc6 5. e4 Be7 6. f5 d5 7. Bd2 0-0 8. Qe2 Nb4 9. Bg5 dxe4 10. dxe4 Qd6 11. Bxf6 Bxf6 12. a3 Nc6 13. Nd5 Nd4 14. Nxf6+ Qxf6 15. Nxd4 exd4 16. 0-0-0 Rd8 17. Qd3 b6 18. Kb1 Bb7 19. g3 Qe5 20. Bg2 Rd7 21. c3 c5 22. c4 Re8 1/2-1/2

[Event "Dortmund2"]
[Site "Dortmund"]
[Date "2006.05.05"]
[Round "4"]
[White "Wodzinski, Kristin"]
[Black "Skoecz, Stefan"]
[Result "1-0"]
[WhiteElo "998"]
[BlackElo "1231"]
[PlyCount "79"]
[EventDate "2006.04.25"]
[EventType "tourn"]
[EventRounds "11"]
[EventCountry "GER"]
[SourceTitle "EXT 2007"]
[Source "ChessBase"]
[SourceDate "2006.11.23"]
[SourceVersion "1"]
[SourceVersionDate "2006.11.23"]
[SourceQuality "1"]

1. d4 d5 2. c4 dxc4 3. Nc3 Nf6 4. Bg5 e6 5. e3 h6 6. Bh4 Bb4 7. Bxc4 Bxc3+ 8. bxc3 0-0 9. Nf3 Nc6 10. 0-0 Na5 11. Bb5 c6 12. Bd3 b6 13. Ne5 Bb7 14. Bxf6 gxf6 15. Qg4+ Kh8 16. Ng6+ fxg6 17. Qxg6 Qe7 18. Qxh6+ Kg8 19. f4 Qg7 20. Qh5 c5 21. g3 cxd4 22. exd4 f5 23. Rae1 Bd5 24. Re3 Bc4 25. Bxc4 Nxc4 26. Rxe6 Rf6 27. Rfe1 Qf7 28. Qg5+ Qg6 29. Qxg6+ Rxg6 30. Rxg6+ Kf7 31. Ree6 Kf8 32. Ref6+ Ke7 33. h4 Rd8 34. h5 Rd6 35. Rxd6 Nxd6 36. h6 Nf7 37. h7 Kf8 38. Rf6 Kg7 39. Rxf7+ Kxf7 40. h8Q 1-0

[Event "Dortmund2"]
[Site "Dortmund"]
[Date "2006.05.02"]
[Round "3"]
[White "Grueneberg, Ingo"]
[Black "Wodzinski, Kristin"]
[Result "1-0"]
[WhiteElo "1170"]
[BlackElo "998"]
[PlyCount "63"]
[EventDate "2006.04.25"]
[EventType "tourn"]
[EventRounds "11"]
[EventCountry "GER"]
[SourceTitle "EXT 2007"]
[Source "ChessBase"]
[SourceDate "2006.11.23"]
[SourceVersion "1"]
[SourceVersionDate "2006.11.23"]
[SourceQuality "1"]

1. c4 c5 2. Nf3 g6 3. Nc3 Bg7 4. d4 Na6 5. e4 d6 6. Be2 cxd4 7. Nxd4 e5 8. Nf3 Nf6 9. h3 0-0 10. Be3 Nc5 11. Bxc5 dxc5 12. 0-0 Nh5 13. Qxd8 Rxd8 14. Nd5 b6 15. Rfd1 Bb7 16. Nh2 Nf4 17. Bf3 Nxd5 18. cxd5 Rd7 19. Ng4 f5 20. Ne3 fxe4 21. Bxe4 Rf8 22. Rd3 Rf4 23. f3 c4 24. Nxc4 Bxd5 25. Rxd5 Rxd5 26. Bxd5+ Kf8 27. Re1 Rd4 28. Ne3 Rd2 29. Bb3 b5 30. Ng4 Rxb2 31. Nxe5 a5 32. Nd7# 1-0